01773 2200205 4500001002100000005001500021035002000036008004100056245007500097100002000172250000600192260003800198300001200236084001400248082000800262650001000270520126300280990001201543990001201555INLIS00000000000088420240604090344 a0010-0524000119240604 1 ind 1 aIt Hurts ( Ketika Mencintaimu Adalah Sakit Untukku ) /cGogor Subyakto aSubyakto, Gogor a1 aYogyakarta :bSheila/ Andi,c2014 a186 hlm a813 GOG i a813 4aFiksi aMemiliki suara yang indah, mudah bergaul, dan tentu saja cantik. Banyak teman-teman kampusnya yang menaruh hati padanya. Namun, dengan halus seperti biasa, Mitha membentengi dirinya. Vera, sahabat Mitha, tahu mengapa dirinya bersikap seperti itu. Vera selalu mengatainya bodoh karena masalah yang satu ini selalu berkaitan dengan kisah masa lalu Mitha. Masa lalu itu punya nama, Fahmi. Satria hanya bisa menjadi teman yang baik untuk Mitha. Walau hati kecilnya selalu berharap gadis itu akan memandangnya lebih dari sekedar teman. Tapi baginya ini cukup, asal dia bisa membuat sebuah senyuman di bibir gadis pujaannya. Entah apa yang membuat Mitha begitu menaruh harapan lebih terhadap mantan kekasihnya yang sudah lebih dari satu tahun itu tak memberinya kabar. Dirinya sendirilah yang tahu. Terkadang Mitha sendiri pun tak yakin apa yang dia rasakan. Namun saat memandang kedua mata Fahmi, Mitha tak menemukan apa yang dia butuhkan. Mitha melepas masa lalunya sepertinya sudah terlambat untuk meraih masa kini dan mungkin masa depannya. Setahun berlalu. Ketidaksengajaan itu mempertemukan Mitha dan Satria kembali. Apakah Mitha akan mendapatkan cinta yang selama ini diharapkannya? Yuk ikuti kisah cerita pencarian cinta Mitha yang berliku dalam novel ini. a0741368 a0741369